Kapitoly z teorie a didaktiky házené. 3

Hlavní autor: Jančálek, Svatopluk, 1931-
Jazyk: Čeština
Vydáno: Praha, 1982
Edice: Učební texty vysokých škol
Knihy
Uloženo v:
LEADER 00600nam a22001932a 4500
001 000383083
003 CZ BrMZK
005 20040326153852.0
007 ta
008 010907s1982 xr f cze d
040 |a BOA001  |b cze 
100 1 |a Jančálek, Svatopluk,  |d 1931-  |7 jk01050793 
245 1 0 |a Kapitoly z teorie a didaktiky házené.  |n 3 
260 |a Praha,  |c 1982 
490 1 |a Učební texty vysokých škol 
830 0 |a Učební texty vysokých škol 
910 |a BOA001  |b 4-0655.867,3 
990 |a BK 
996 7 |b 2619814797  |c 4-0655.867,3  |l MZK  |r Sklad / do 1 hodiny  |n 1  |w 000383083  |u 000010  |a 1  |e BOA001  |j MZK50  |s A